| 000 | 00465nam a2200193Ia 4500 | ||
|---|---|---|---|
| 005 | 20250603145708.0 | ||
| 008 | 250603s9999 xx 000 0 und d | ||
| 020 | _a978-37411-7-9 | ||
| 050 | _aQ 175 .T55/ | ||
| 100 | _aTile, Wilfred Shaapera | ||
| 245 | 0 | _aScientific methodology and sociological knowledge | |
| 250 | _a2nd ed. | ||
| 260 | _aAbuja | ||
| 260 | _bTimeless Publishers | ||
| 260 | _c2009 | ||
| 300 | _a43 p | ||
| 650 | _aAbuja | ||
| 942 | _cBK | ||
| 999 |
_c42583 _d42583 |
||